| 000 | 00430nam a22001577a 4500 | ||
|---|---|---|---|
| 999 |
_c26846 _d26846 |
||
| 003 | BDDh-ASL | ||
| 005 | 20231015030707.0 | ||
| 008 | 211020n ii ||||| |||| 00| 0 u d | ||
| 040 |
_aBDDh-ASL _cBDDh-ASL |
||
| 082 |
_a297.3 _bISL |
||
| 245 | 0 | 0 | _aIslah-e Tamaddun : / اصلاح تمدن |
| 260 |
_aAligarh : _bMuslim University Press , |
||
| 300 |
_a80 p. : _c25 cm. |
||
| 650 | 0 |
_92649 _aIslamic Culture |
|
| 942 |
_2ddc _cBK |
||